| 000 | 00457nam a22001697a 4500 | ||
|---|---|---|---|
| 003 | Nust | ||
| 005 | 20241029115635.0 | ||
| 008 | 170216b xxu||||| |||| 00| 0 eng d | ||
| 040 | _cNust-MCE | ||
| 082 | _a200 | ||
| 100 |
_aAzam Masood _9126569 |
||
| 245 |
_aFlood risk management of nullah lai _cMasood Azam |
||
| 260 |
_aRisalpur, _bMCE, _c2015. |
||
| 300 | _a92p. | ||
| 856 | _u http://10.250.8.41:8080/xmlui/handle/123456789/11799 | ||
| 942 |
_cSC _2ddc |
||
| 999 |
_c232243 _d232243 |
||